[Event "20th Hampstead Congress: U2200"]
[Site "London, England"]
[Date "2014.07.20"]
[Round "5"]
[White "Atako, Chino"]
[Black "Grey, Nicholas D"]
[Result "1-0"]
[WhiteElo "2042"]
[BlackElo "1748"]

1. e4 c5 2. Nf3 d6 3. d4 cxd4 4. Nxd4 Nf6 5. Nc3 g6 6. Bg5 Bg7 7. Bb5+ Bd7 8.
Qe2 Nc6 9. Bxc6 bxc6 10. O-O-O Qa5 11. f4 Rb8 12. e5 Nd5 13. Nxd5 cxd5 14. a3
Qb6 15. b3 h6 16. Bf6 O-O 17. Bxg7 Kxg7 18. g4 Qc7 19. Kb2 Rfc8 20. Rd3 dxe5
21. fxe5 Bb5 22. Nxb5 Rxb5 23. Rf1 Rc5 24. Rf2 d4 25. Rxd4 Rxe5 26. Qf3 f6 27.
Qd3 Re1 28. h4 Qe5 29. h5 gxh5 30. gxh5 Rg1 31. Re2 Rd8 32. Rxe5 {#r} 1-0

[Event "20th Hampstead Congress: U2200"]
[Site "London, England"]
[Date "2014.07.20"]
[Round "5"]
[White "Farzaliyev, Kanan"]
[Black "Lees, Fraser"]
[Result "0-1"]
[WhiteElo "1950"]
[BlackElo "1782"]

1. e4 c6 2. d4 g6 3. Nc3 Bg7 4. Be3 d5 5. f3 dxe4 6. fxe4 Nf6 7. Be2 O-O 8.
Qd2 Be6 9. O-O-O Qa5 10. a3 Rd8 11. e5 Nd5 12. Nxd5 Qxd2+ 13. Rxd2 cxd5 14.
Nf3 h6 15. Bd3 Nc6 16. h3 Rac8 17. Kb1 Na5 18. g4 Nc4 19. Bxc4 dxc4 20. c3 Bd5
21. Rf1 e6 22. h4 b5 23. Rdf2 Rc7 24. Nd2 a5 25. Kc2 Rb8 26. Rf4 b4 27. axb4
axb4 28. Ne4 Bxe4+ 29. Rxe4 bxc3 30. bxc3 Rcb7 31. Bc1 Rb3 32. Rd1 Ra8 33. Bb2
Ra2 34. Rb1 Bf8 35. Kc1 Be7 36. Ra1 Rbxb2 {#R} 0-1

[Event "20th Hampstead Congress: U2200"]
[Site "London, England"]
[Date "2014.07.20"]
[Round "5"]
[White "Miu, Marinel"]
[Black "Millward, David J"]
[Result "1-0"]
[WhiteElo "1714"]
[BlackElo "1859"]

1. c4 c5 2. Nc3 Nc6 3. g3 d6 4. Bg2 g6 5. d3 Bg7 6. Nf3 Nf6 7. O-O O-O 8. Rb1
Rb8 9. Nd2 Bd7 10. a3 a5 11. Nb5 Ne8 12. b3 Nc7 13. Nxc7 Qxc7 14. Bb2 e5 15.
Bc3 b6 16. b4 axb4 17. axb4 cxb4 18. Bxb4 Nxb4 19. Rxb4 b5 20. cxb5 Rxb5 21.
Rc4 Qd8 22. Bc6 Bxc6 23. Rxc6 Qd7 24. Ra6 Rfb8 25. e4 d5 26. Nf3 h6 27. Re1
Rd8 28. Qa1 dxe4 29. dxe4 Qd3 30. Ra3 Qd6 31. Kg2 Qe7 32. Qa2 Rb7 33. Ra5 Rbd7
34. Nh4 Kh7 35. Nf3 Kg8 36. h4 Rd3 37. Ra6 R3d6 38. Rxd6 Qxd6 39. Rb1 Qc6 40.
Rb4 Re8 41. Rc4 Qe6 42. Qc2 Rd8 43. Rc6 Qe7 44. Qc4 Re8 45. Rxg6 Kh7 46. Rc6
Kg8 47. h5 Qd7 48. Rc7 Qe6 49. Qxe6 Rxe6 50. Rc8+ Kh7 51. Nh4 Bf6 52. Nf5 Bg5
53. Rc7 Kg8 54. Rd7 Kf8 55. Rd6 Rxd6 56. Nxd6 Ke7 57. Nf5+ Kf6 58. Kh3 Bc1 59.
Kg4 Bd2 60. f4 exf4 61. gxf4 Bc1 62. Nxh6 Kg7 63. Nf5+ Kh7 64. Nd6 Kg7 65. h6+
Kxh6 66. Nxf7+ Kg6 67. Nd6 Kf6 68. e5+ Ke6 69. Ne4 Bb2 70. Ng5+ Ke7 71. Kf5
Bc1 72. Nh3 Bd2 73. Ke4 Bc3 74. f5 Bb2 75. f6+ Ke6 76. Ng5+ Kd7 77. Kd5 Ba3
78. e6+ Ke8 79. Ne4 Bf8 80. Nd6+ Kd8 81. Kc6 Be7 82. fxe7+ Kxe7 83. Kd5 {#r}
1-0

[Event "20th Hampstead Congress: U2200"]
[Site "London, England"]
[Date "2014.07.20"]
[Round "5"]
[White "Krzyzanowski, Patryk"]
[Black "Ramaiya, Anshu"]
[Result "1-0"]
[WhiteElo "2006"]
[BlackElo "1775"]

1. d4 Nf6 2. c4 b6 3. Nf3 Bb7 4. e3 g6 5. Nc3 Bg7 6. Bd3 c5 7. d5 O-O 8. e4 d6
9. Bg5 Nbd7 10. Qd2 Re8 11. O-O-O a6 12. h4 h5 13. Bh6 b5 14. Bxg7 Kxg7 15.
cxb5 axb5 16. Bxb5 Ba6 17. Bc6 Qb6 18. Bxa8 Rxa8 19. Rde1 c4 20. e5 dxe5 21.
Nxe5 Nc5 22. f3 Rd8 23. g4 hxg4 24. fxg4 Nfd7 25. Nxd7 Rxd7 26. Qd4+ f6 27.
Kb1 Qc7 28. g5 Nd3 29. Rxe7+ Rxe7 30. gxf6+ Kh7 31. fxe7 Qxe7 32. Ne4 Qb7 33.
Ng5+ Kg8 34. Qf6 Qg7 35. Qxg7+ Kxg7 36. Rf1 Bc8 37. Rf7+ Kg8 38. d6 Bf5 39.
Rxf5 gxf5 40. d7 f4 41. d8=Q+ Kg7 42. h5 f3 43. Qe8 Ne5 44. Qxe5+ Kh6 45. Nf7+
Kh7 46. Qh8# 1-0

[Event "20th Hampstead Congress: U2200"]
[Site "London, England"]
[Date "2014.07.20"]
[Round "5"]
[White "Pattni, Kishan"]
[Black "Tin, Sergey"]
[Result "1/2-1/2"]
[WhiteElo "1713"]
[BlackElo "1983"]

1. f4 Nc6 2. Nf3 d5 3. e3 Nf6 4. b3 Bf5 5. Bb2 e6 6. Bb5 a6 7. Bxc6+ bxc6 8.
d3 c5 9. Nbd2 Bd6 10. O-O O-O 11. Qe1 Bg6 12. Nh4 Be7 13. f5 Bh5 14. Qg3 d4
15. e4 Nxe4 16. Nxe4 Bxh4 17. Qe5 exf5 18. Qxf5 Bg6 19. Qxc5 Bxe4 20. dxe4 Re8
21. Qxd4 Qxd4+ 22. Bxd4 Rxe4 23. Bf2 Bxf2+ 24. Rxf2 Rae8 25. Kf1 g6 26. Rd1 f5
27. Rfd2 Kf7 28. Rd7+ R8e7 29. a3 h6 30. Rxe7+ Kxe7 31. Rd3 g5 32. Kf2 Kf6 33.
Rc3 h5 34. g3 f4 35. Rxc7 Kf5 36. Rc5+ Kg4 37. gxf4 gxf4 38. h3+ Kxh3 39.
Rxh5+ Kg4 40. Rh1 Rd4 41. Rg1+ Kf5 42. Kf3 Re4 43. Rd1 Re3+ 44. Kf2 Rc3 45.
Rd2 Ke4 46. a4 Rh3 47. Rd6 Rh2+ 48. Kg1 Rxc2 49. Rxa6 f3 50. b4 f2+ 51. Kg2
Kd4 52. b5 Rb2 53. Rf6 Kc5 54. Rxf2 Rb4 55. Ra2 Kb6 56. Kf3 Rh4 57. Ke3 Rg4
58. Kd3 Rh4 59. a5+ Kxb5 60. a6 Rh8 {#d} 1/2-1/2

[Event "20th Hampstead Congress: U2200"]
[Site "London, England"]
[Date "2014.07.20"]
[Round "5"]
[White "Baroukh, Leon"]
[Black "Huang, Dion"]
[Result "0-1"]
[WhiteElo "1582"]
[BlackElo "1759"]

1. d4 Nf6 2. Nc3 d5 3. Bf4 a6 4. Nf3 e6 5. e3 c5 6. Bd3 cxd4 7. Nxd4 Bd6 8.
Qf3 e5 9. Nxd5 Nxd5 10. O-O Nxf4 11. exf4 exd4 12. Rfe1+ Be7 13. Qh5 Qd6 14.
Qg5 Qf6 15. Qh5 Nc6 16. Re2 h6 17. Rae1 O-O 18. a3 Qxf4 19. Re4 Qg5 20. Qe2
Bf5 21. h4 Qg6 22. h5 Qg5 23. g4 Bxe4 24. Qxe4 f5 25. Qe6+ Kh8 26. Bxf5 Rxf5
27. Qxf5 Qxf5 28. gxf5 Rf8 29. Kg2 Rxf5 30. Rh1 Ne5 31. Re1 Rxh5 32. f4 Nc6
33. Kf3 Rh2 34. Kg4 Rxc2 35. Kf5 Rxb2 36. Ke6 d3 37. f5 Re2+ 38. Rxe2 dxe2 39.
a4 e1=Q+ 40. Kf7 Qe5 41. a5 Qf6+ 42. Ke8 h5 43. Kd7 h4 44. Kc8 Nxa5 45. Kb8
Qc6 46. Ka7 Nc4 47. f6 gxf6 48. Kb8 Ne5 49. Ka7 Bc5+ 50. Ka8 h3 51. Kb8 Nd7+
52. Ka8 b5# 0-1

[Event "20th Hampstead Congress: U2200"]
[Site "London, England"]
[Date "2014.07.20"]
[Round "5"]
[White "Bin-Suhayl, Ieysaa"]
[Black "Rubeck, Jonathan"]
[Result "0-1"]
[WhiteElo "1739"]
[BlackElo "1675"]

1. d4 Nf6 2. c4 c5 3. e3 cxd4 4. exd4 d5 5. Nc3 g6 6. Qb3 Nc6 7. cxd5 Na5 8.
Qa4+ Bd7 9. Qc2 Rc8 10. Qd3 Bg7 11. Nf3 a6 12. Ne5 Bf5 13. Qf3 Qb6 14. Qe3 O-O
15. Bd3 Ng4 16. Nxg4 Bxg4 17. O-O Bxd4 18. Qxe7 Bf6 19. Be3 Bd4 20. Na4 Qf6
21. Qb4 Bxe3 22. fxe3 Qg5 23. Rae1 Qxd5 24. Nb6 Qxd3 25. Nxc8 Nc4 26. Ne7+ Kg7
27. Rf4 Be6 28. Qc3+ Qxc3 29. bxc3 Re8 30. Nxg6 hxg6 31. Re4 Rd8 32. Rd4 Rc8
33. Rb1 b5 34. Kf2 Na3 35. Rc1 Nc4 36. Rb1 Rc5 37. Ra1 Rf5+ 38. Rf4 Re5 39. e4
Na3 40. h4 a5 41. Ke2 a4 42. Kd3 Rc5 43. Raf1 Rc7 44. R1f2 Bc4+ 45. Kd4 Rd7+
46. Kc5 Nb1 47. Kb4 Rd1 48. e5 Nd2 49. Rd4 Rb1+ 50. Kc5 Nf1 51. a3 Ne3 52. Re4
Nf5 53. h5 Rb3 54. hxg6 fxg6 {#R} 0-1

[Event "20th Hampstead Congress: U2200"]
[Site "London, England"]
[Date "2014.07.20"]
[Round "5"]
[White "Sanitt, Ethan"]
[Black "Hayward, Alan"]
[Result "1/2-1/2"]
[WhiteElo "1565"]
[BlackElo "1960"]

1. c4 b6 2. g3 Bb7 3. Nf3 Bxf3 4. exf3 c5 5. b3 Nc6 6. Bb2 Nf6 7. Bg2 e6 8.
O-O Be7 9. f4 Rc8 10. Bxc6 Rxc6 11. Be5 d6 12. Bb2 O-O 13. d4 d5 14. cxd5 exd5
15. dxc5 bxc5 16. Nd2 Re8 17. Re1 Qd7 18. Rc1 h5 19. Bxf6 Rxf6 20. Qxh5 Rh6
21. Qf3 g6 22. Re5 {#d} 1/2-1/2

[Event "20th Hampstead Congress: U2200"]
[Site "London, England"]
[Date "2014.07.20"]
[Round "5"]
[White "Waterfield, John W"]
[Black "Bin-Suhayl, Yousuf"]
[Result "0-1"]
[WhiteElo "1975"]
[BlackElo "1732"]

1. e4 e6 2. d4 d5 3. Nc3 Nf6 4. e5 Nfd7 5. f4 c5 6. Nf3 Nc6 7. Be3 cxd4 8.
Nxd4 a6 9. Qd2 Nxd4 10. Bxd4 Bc5 11. O-O-O Bxd4 12. Qxd4 Qb6 13. Qxb6 Nxb6 14.
Bd3 Bd7 15. Rhe1 Bc6 16. Ne2 g6 17. Nd4 Ke7 18. Rd2 Rac8 19. g3 Bd7 20. Rg2 h5
{(=) } 21. h3 Nc4 22. c3 Na5 23. Kd2 Nc6 24. Ke3 Rc7 {(=)} 25. Nxc6+ Rxc6 26.
Kd4 Rhc8 27. g4 hxg4 28. hxg4 Rc5 29. Rf2 Bb5 30. Bb1 Rc4+ 31. Ke3 Rh8 32. Bd3
Rc5 33. Kd4 Rhc8 34. Bxb5 Rxb5 35. b3 Rbc5 36. Re3 R5c6 {(=)} 37. f5 gxf5 38.
gxf5 Rh8 39. Ref3 Rh4+ 40. Rf4 Rxf4+ 41. Rxf4 Rc8 42. f6+ Kd7 43. Rg4 Kc6 44.
Rg7 Rc7 45. c4 dxc4 46. Kxc4 b5+ 47. Kd4 Kb6 48. Ke4 Kc5 49. Kf4 a5 50. Rg8
Kb4 51. Re8 Rc1 52. Re7 Rf1+ 53. Kg5 Rf5+ 54. Kh6 Rxe5 55. Kg7 Re2 56. Kxf7
Rxa2 57. Kxe6 Kxb3 58. f7 Rf2 59. Rd7 b4 60. Rd5 Rxf7 61. Kxf7 a4 62. Ke6 a3
63. Ra5 a2 64. Kd5 Kb2 65. Kc4 b3 66. Kb4 Kc2 67. Rc5+ Kd3 68. Rd5+ Ke4 69.
Ra5 b2 70. Rxa2 b1=Q+ 71. Ka3 Kd3 72. Rb2 Qa1+ 73. Kb3 Qd1+ 74. Ka3 Kc3 75.
Ka2 Qa4+ 76. Kb1 Qd1+ 77. Ka2 Qd5+ 78. Kb1 Qd1+ 79. Ka2 Qc1 80. Rb7 Qd2+ 81.
Ka1 Qd1+ {#R} 0-1

[Event "20th Hampstead Congress: U2200"]
[Site "London, England"]
[Date "2014.07.20"]
[Round "5"]
[White "Harrington, James"]
[Black "Landau, Jonathan"]
[Result "0-1"]
[WhiteElo "1725"]
[BlackElo "1945"]

1. c4 Nc6 2. Nc3 e5 3. Nf3 f5 4. d4 e4 5. Ne5 Bb4 6. e3 Bxc3+ 7. bxc3 Nf6 8.
Nxc6 dxc6 9. Ba3 Be6 10. Rb1 Rb8 11. d5 cxd5 12. Qd4 dxc4 13. Qxa7 b6 14. Qa4+
Qd7 15. Qb4 c5 16. Qxc5 bxc5 17. Rxb8+ Kf7 18. Rxh8 Qa7 19. Bc1 Qxa2 20. Be2
Nd5 21. Rxh7 Nxc3 22. Bh5+ Kg8 23. Bg6 Qe2# 0-1

[Event "20th Hampstead Congress: U2200"]
[Site "London, England"]
[Date "2014.07.20"]
[Round "5"]
[White "Kennedy, Craig"]
[Black "Wen, Jackson"]
[Result "1-0"]
[WhiteElo "1919"]
[BlackElo "1718"]

1. e4 b6 2. d4 Bb7 3. Bd3 e6 4. c4 f5 5. exf5 Nf6 6. Nf3 Be7 7. O-O c5 8. fxe6
dxe6 9. dxc5 Bxc5 10. Ng5 Qd7 11. Re1 O-O 12. Nxe6 Bxf2+ 13. Kxf2 Ne4+ 14. Kg1
Qxe6 15. Bxe4 Bxe4 16. Nc3 Nc6 17. Rxe4 Qf6 18. Rf4 Rad8 19. Rxf6 Rxd1+ 20.
Nxd1 Rxf6 21. Ne3 Nd4 22. Bd2 Rd6 23. Nd5 b5 24. Rf1 h6 25. Bb4 Rd7 26. Ne7+
Kh7 27. cxb5 Nc2 28. Bc5 Rc7 29. b4 Na3 30. Nd5 Rd7 31. Rd1 Rb7 32. b6 axb6
33. Nxb6 Nb5 34. Rd7 Rb8 35. a4 Nc3 36. Kf1 Ne4 37. Bd4 Rf8+ 38. Ke2 Nf6 39.
Bxf6 Rxf6 40. a5 Re6+ 41. Kd3 Kg6 42. Nc4 Kh5 43. Rd6 Re7 44. a6 g5 45. b5 g4
46. b6 Kh4 47. Rxh6+ Kg5 48. Rd6 Rh7 49. b7 Rxh2 50. b8=Q Rxg2 51. Qg8+ Kf4
52. Rf6+ Kg3 53. Qxg4+ Kxg4 54. Rg6+ Kf3 55. Rxg2 Kxg2 56. a7 Kf2 57. a8=Q Ke1
58. Qa2 Kf1 59. Ne3+ {#r} 1-0

[Event "20th Hampstead Congress: U2200"]
[Site "London, England"]
[Date "2014.07.20"]
[Round "5"]
[White "Barasi, Paul"]
[Black "Samadov, Samir"]
[Result "1-0"]
[WhiteElo "1867"]
[BlackElo "1648"]

1. d4 e6 2. g4 d5 3. Nf3 c5 4. g5 Nc6 5. Rg1 Qb6 6. e3 cxd4 7. exd4 Bb4+ 8. c3
Bd6 9. Na3 Bxa3 10. bxa3 a6 11. Bf4 Qd8 12. Bd3 Nge7 13. Qc2 g6 14. h4 Nf5 15.
Rh1 Qa5 16. Kf1 Qxa3 17. h5 b5 18. Rb1 O-O 19. Kg2 Qe7 20. Rh2 Kg7 21. Rbh1
Rg8 22. Kf1 Kf8 23. Qd2 Ke8 24. Ne5 Nxe5 25. Bxe5 Bb7 26. Bf6 Qc7 27. hxg6
hxg6 28. Bxf5 gxf5 29. Rh7 Rc8 30. R1h3 a5 31. f4 b4 32. Rh8 Qc4+ 33. Kf2 bxc3
34. Rxg8+ Kd7 35. Rd8+ Rxd8 36. Rxc3 Qb5 37. Rb3 Qc6 38. Bxd8 Kxd8 39. Qxa5+
Ke8 40. Qb5 Kf8 41. Qxc6 Bxc6 42. Ke3 Kg7 43. Rb4 f6 44. gxf6+ Kxf6 45. a4
Bxa4 46. Rxa4 Kg6 47. Ra7 Kf6 48. Kf3 Kg6 49. Kg3 Kf6 50. Kh4 Kg6 51. Ra6 Kf6
52. Kh5 Kf7 53. Kg5 Ke7 54. Kg6 Kd7 55. Kf7 e5 56. Ra7+ Kc6 57. fxe5 f4 58. e6
f3 59. e7 f2 60. e8=Q+ Kb6 61. Qb8+ Kc6 62. Qb7+ Kd6 63. Qd7# 1-0

[Event "20th Hampstead Congress: U2200"]
[Site "London, England"]
[Date "2014.07.20"]
[Round "5"]
[White "Nayak, Raghav"]
[Black "Parry, Jacques"]
[Result "1-0"]
[WhiteElo "1630"]
[BlackElo "1773"]

1. e4 c5 2. Nc3 a6 3. Bc4 e6 4. d3 Nc6 5. a4 Nge7 6. f4 g6 7. Nf3 Bg7 8. O-O
Nd4 9. Nxd4 Bxd4+ 10. Kh1 Bg7 11. Qe1 O-O 12. f5 exf5 13. Qh4 Nc6 14. Bg5 Qe8
15. Nd5 Rb8 16. Nf6+ Bxf6 17. Bxf6 h5 18. Rxf5 {#r} 1-0

[Event "20th Hampstead Congress: U2200"]
[Site "London, England"]
[Date "2014.07.20"]
[Round "5"]
[White "Finnegan, Oliver"]
[Black "Wen, Jessica"]
[Result "1/2-1/2"]
[WhiteElo "1766"]
[BlackElo "1598"]

1. d4 Nf6 2. c4 e6 3. Nf3 Bb4+ 4. Nbd2 Qe7 5. a3 Bxd2+ 6. Bxd2 Ne4 7. e3 b6 8.
Bd3 Bb7 9. b4 O-O 10. O-O f5 11. Bc1 d6 12. Bb2 Nd7 13. Qb3 Rab8 14. a4 c5 15.
dxc5 bxc5 16. b5 Ndf6 17. a5 Qf7 18. a6 Ba8 19. Rad1 Qg6 20. Bxe4 Bxe4 21. Ne1
Rfd8 22. f3 Ba8 23. Nd3 e5 24. Rf2 Nh5 25. Ne1 Qe6 26. Rfd2 Nf6 27. Nd3 Qe7
28. Qc2 g6 {#d} 1/2-1/2

[Event "20th Hampstead Congress: U2200"]
[Site "London, England"]
[Date "2014.07.20"]
[Round "5"]
[White "Olutola, Taiwo"]
[Black "Seman, Myroslav"]
[Result "1-0"]
[WhiteElo "1538"]
[BlackElo "1800"]

1. Nf3 d5 2. d4 e6 3. e3 c5 4. c4 Nf6 5. Nc3 Nc6 6. Be2 Be7 7. O-O O-O 8. a3
a6 9. Qc2 dxc4 10. dxc5 Bxc5 11. Bxc4 Qe7 12. b4 Ba7 13. Bb2 b5 14. Bd3 Bb7
15. Ne4 Ne8 16. Rac1 Rc8 17. Qe2 f5 18. Nc5 Bxc5 19. Rxc5 Nf6 20. Bb1 Nd5 21.
Rfc1 Na7 22. Bd4 Rfe8 23. Ne5 Ba8 24. Qh5 Nf6 25. Qe2 Rxc5 26. Rxc5 Qb7 27. f3
Rc8 28. Qc2 Rxc5 29. Qxc5 Nc8 30. Ba2 Nd5 31. e4 Nf4 32. exf5 Ne2+ 33. Kf1
Nxd4 34. Qxd4 h6 35. Qd8+ Kh7 36. Bxe6 h5 37. Nf7 {#r} 1-0

[Event "20th Hampstead Congress: U2200"]
[Site "London, England"]
[Date "2014.07.20"]
[Round "5"]
[White "Mandnikar, Atreya"]
[Black "Gribben, Chris"]
[Result "1/2-1/2"]
[WhiteElo "1561"]
[BlackElo "1636"]

1. e4 e6 2. d4 d5 3. exd5 exd5 4. Bd3 Bd6 5. Nf3 Ne7 6. c3 Bg4 7. Bg5 f6 8.
Bh4 c6 9. Nbd2 Nd7 10. O-O Qc7 11. Bg3 O-O-O 12. b4 h5 13. a4 Bxg3 14. fxg3 h4
15. Qe1 Rde8 16. Qf2 hxg3 17. Qxg3 Qxg3 18. hxg3 Bf5 19. Be2 Kc7 20. b5 Nc8
21. Kf2 Nd6 22. bxc6 bxc6 23. Rae1 Rb8 24. Rc1 Rb2 25. a5 Re8 26. Rfe1 Ne4+
27. Nxe4 Bxe4 28. Kf1 Reb8 29. c4 dxc4 30. Bxc4 Rb1 31. Rxb1 Rxb1 32. Rxb1
Bxb1 33. g4 Be4 34. Ke2 Kd6 35. Ke3 Bd5 36. Bd3 c5 37. Nh4 {#d} 1/2-1/2

[Event "20th Hampstead Congress: U2200"]
[Site "London, England"]
[Date "2014.07.20"]
[Round "5"]
[White "Ivanov, Elizabeth"]
[Black "Sellen, John"]
[Result "1/2-1/2"]
[WhiteElo "1602"]
[BlackElo "1597"]

1. e4 d5 2. exd5 Qxd5 3. Nc3 Qd6 4. Bc4 Nf6 5. h3 a6 6. Nf3 e6 7. d4 b5 8. Bb3
Bb7 9. Be3 Be7 10. O-O O-O 11. Ne5 Nbd7 12. Bf4 Qb6 13. a4 Nxe5 14. dxe5 Rfd8
15. Qe2 Nd5 16. Bxd5 Bxd5 17. axb5 axb5 18. Qxb5 Bc6 19. Qxb6 cxb6 20. Be3 Bc5
21. Bg5 {#d} 1/2-1/2

[Event "20th Hampstead Congress: U2200"]
[Site "London, England"]
[Date "2014.07.20"]
[Round "5"]
[White "Ramaiya, Arushi"]
[Black "Sanitt, Leo"]
[Result "0-1"]
[WhiteElo "1525"]
[BlackElo "1531"]

1. e4 e5 2. Nf3 Nc6 3. Nc3 Nf6 4. d4 exd4 5. Nxd4 Bb4 6. Nxc6 bxc6 7. Bd3 d5
8. exd5 cxd5 9. O-O O-O 10. Bg5 Be7 11. Be2 c6 12. Qd2 Bf5 13. Rae1 d4 14. Nd1
Ne4 15. Bxe7 Nxd2 16. Bxd8 Rfxd8 17. c3 Nxf1 18. Rxf1 Re8 19. Bf3 Be4 20. cxd4
Bxf3 21. gxf3 Rad8 22. b3 Rxd4 23. Nc3 g6 24. Kh1 f5 25. Rg1 Rd3 26. Na4 Rxf3
27. Rg2 Re2 28. Nc3 Rxc3 29. f4 Rxg2 30. Kxg2 Rc2+ 31. Kf3 Rxa2 32. b4 Rb2 33.
Ke3 Rxb4 34. h4 a5 35. Kf3 a4 36. Kg3 a3 37. Kh3 a2 38. Kg3 a1=Q 39. Kh3 Rb3+
40. Kh2 Qa2+ 41. Kh1 Rb1# 0-1

[Event "20th Hampstead Congress: U2200"]
[Site "London, England"]
[Date "2014.07.20"]
[Round "5"]
[White "Frith, Shane S"]
[Black "Mospan, Edward"]
[Result "1-0"]
[WhiteElo "1526"]
[BlackElo "1335"]

1. d4 Nf6 2. c4 d6 3. Nc3 g6 4. e4 Bg7 5. Nf3 O-O 6. Be2 Nbd7 7. O-O e5 8. Be3
c6 9. d5 Nc5 10. Bxc5 dxc5 11. dxc6 Qe8 12. cxb7 Bxb7 13. Qc2 a6 14. Rad1 Rd8
15. Nd5 Nxd5 16. cxd5 Rc8 17. Bc4 Qd7 18. Rfe1 Rfd8 19. Nd2 Qd6 20. Nf1 Rb8
21. Rd3 Bc8 22. Rb3 Bd7 23. Rxb8 Rxb8 24. b3 h5 25. f3 Bh6 26. Ne3 Bf4 27. g3
Bg5 28. Ng2 Kg7 29. Qe2 Ra8 30. Rf1 a5 31. f4 Bg4 32. Qf2 exf4 33. gxf4 Be7
34. e5 Qd8 35. d6 Bf8 36. Qxc5 Rc8 37. Qd5 Be6 38. Qe4 Bxc4 39. bxc4 Qd7 40.
f5 g5 41. f6+ Kh6 42. Ne3 h4 43. Nf5+ Kh5 44. h3 Re8 45. Qg4+ {#r} 1-0